UM Logo

HIV cases in PH rising/ (Record no. 8490)

MARC details
000 -LEADER
fixed length control field 00548nam a22001457a 4500
003 - CONTROL NUMBER IDENTIFIER
control field OSt
005 - DATE AND TIME OF LATEST TRANSACTION
control field 20180208042436.0
008 - FIXED-LENGTH DATA ELEMENTS--GENERAL INFORMATION
fixed length control field 180208b xxu||||| |||| 00| 0 eng d
100 ## - MAIN ENTRY--PERSONAL NAME
9 (RLIN) 26246
Personal name Echaluce, Charina Clarisse L.
245 ## - TITLE STATEMENT
Title HIV cases in PH rising/
Statement of responsibility, etc. Charina Clarisse L. Echaluce.
260 ## - PUBLICATION, DISTRIBUTION, ETC. (IMPRINT)
Place of publication, distribution, etc. Philippines:
Name of publisher, distributor, etc. Manila Bulletin,
Date of publication, distribution, etc. c2017.
300 ## - PHYSICAL DESCRIPTION
Extent page 2.
650 #0 - SUBJECT ADDED ENTRY--TOPICAL TERM
9 (RLIN) 26247
Topical term or geographic name as entry element AIDS/HIV.
942 ## - ADDED ENTRY ELEMENTS (KOHA)
Source of classification or shelving scheme Dewey Decimal Classification
Koha item type Periodicals
Holdings
Withdrawn status Lost status Source of classification or shelving scheme Damaged status Not for loan Collection code Home library Current library Date acquired Total Checkouts Date last seen Price effective from Koha item type Public note
    Dewey Decimal Classification     Periodicals UM Digos College - LIC UM Digos College - LIC 02/08/2018   02/08/2018 02/08/2018 Periodicals Newspaper Clippings